000 00880nam a2200229Ii 4500
003 JO-AjNU
008 230605s9999||||xx |||||||||||||| ||und||
017 _a2011/9187
020 _a978-99901-06-92-3
040 _aJO-AjNU
_bara
_erda
_cJO-AjNU
041 _aara
050 1 4 _aBP190.5.M34 2011
100 3 _aمحمود، ضاري خليل ، م.مشارك سعيد حسب الله عبد الله,
_eauthor
_953183
245 0 0 _aأدب القضاء في الفقه الإسلامي والقانون والقضاء الجنائي البحريني المقارن
250 _aط1
264 3 1 _aالبحرين: جامعة البحرين، 2011
300 _a255ص
_bالمراجع ص237-248
336 _atext
_btxt
_2rdacontent
337 _aunmediated
_bn
_2rdamedia
338 _avolume
_bnc
_2rdacarrier
650 4 _aالقضاء في الفقه الاسلامي
_953184
999 _aA23604
_c27172
_d27172